000
00338 a2200157 4500
001
72004
020
_a
8526702440
040
_c
Anchieta - Colégio São Paulo
100
_a
Weigle, Oscar
240
1
0
_a
Sim e não
_l
por
245
1
0
_a
Sim e não
300
_a
13
362
0
_a
1982
650
4
_a
Literatura infanto-juvenil
942
_c
BK
999
_c
72004
_d
72004